Score 0/24 Timer 10:00
0 Plays Today
% Correct
Mom: 'No, Calvin.'
93%
Dad: 'Then it will build character.'
92.7%
Dad: 'Solar wind.'
92.4%
Hobbes: 'She's cute, isn't she??'
91.6%
Calvin: 'Tragically, this serene metropolis lies directly beneath the Hoover Dam.'
91.3%
Hobbes: 'You're going to fix it?'
91%
Calvin: 'So it's sort of a necktie for your butt?'
91%
Calvin: 'Then what did you watch?'
90.9%
Calvin: 'It means I've been watching all the wrong channels.'
90.1%
Hobbes: 'A noun that lost its amateur status.'
90.1%
Dad: 'Instances of true leadership. History will vindicate me.'
89.9%
Calvin: 'To work the gas pedal.'
89.4%
% Correct
Calvin: 'Why'd we ever come here then?'
88.7%
Calvin and Hobbes: 'MOMMMMM!!'
88.4%
Calvin: 'Is this some sort of trick question, or what?'
88.2%
Calvin: 'It's going to be a long year.'
87.6%
Mom: 'Aack! Why didn't you say so? Give me the thermometer! Run! Run!'
87%
Mom: 'That's not quite what I meant.'
86.7%
Calvin: 'Big incentive.'
86.6%
Hobbes: 'We?'
86.2%
Calvin: 'You don't move, you just hang around.'
83.5%
Calvin: 'Of course, with this for practice, I'll bet we could do great on another model!'
81.1%
Calvin: 'You mean if we're good or we're bad?'
77.9%
Calvin: 'Isn't he great folks? Let's give him a big hand!'
76.7%
Remove Ads.
Support Sporcle.
Get the best of Sporcle when you Go Orange. This ad-free experience offers more features, more stats, and more fun while also helping to support Sporcle. Thank you for becoming a member.

You're not logged in!

Compare scores with friends on all Sporcle quizzes.
OR
Log In

Sporcle TV

Today on Sporcle TV


Watch our educational content, quiz creation guides, and fun videos on Sporcle TV.

Show Comments

Extras

Top Quizzes Today


Score Distribution

Paid Content

Your Account Isn't Verified!

In order to create a playlist on Sporcle, you need to verify the email address you used during registration. Go to your Sporcle Settings to finish the process.

Report this User

Report this user for behavior that violates our Community Guidelines.

Details: